|
|
|
|
| LEADER |
01775nam a2200457 a 4500 |
| 001 |
000074770 |
| 003 |
CZ BrMZK |
| 005 |
20231221134349.0 |
| 007 |
ta |
| 008 |
960713s1996 xr f 0 cze d |
| 015 |
|
|
|a cnb000137849
|
| 020 |
|
|
|a 80-02-01099-X
|
| 040 |
|
|
|a BOA001
|b cze
|
| 072 |
|
7 |
|a 628
|x Sanitární technika. Vodárenství. Odpadové hospodářství. Světelná technika
|2 Konspekt
|9 19
|
| 080 |
|
|
|a 543
|2 MRF
|
| 080 |
|
|
|a 628.3
|2 MRF
|
| 080 |
|
|
|a 628.35
|2 MRF
|
| 080 |
|
|
|a 628.355/.356
|2 MRF
|
| 080 |
|
|
|a 66.022.6
|2 MRF
|
| 080 |
|
|
|a (082)
|2 MRF
|
| 080 |
|
|
|a (048.8)
|2 MRF
|
| 100 |
1 |
|
|a Wanner, Jiří,
|d 1953-
|7 jn20000402672
|4 aut
|
| 245 |
1 |
0 |
|a Mikroskopický rozbor pro hodnocení a řízení separačních vlastností aktivovaného kalu /
|c Jiří Wanner, Iveta Růžičková, Vlasta Ottová.
|
| 260 |
|
|
|a Praha :
|b Česká vědeckotechnická vodohospodářská společnost,
|c 1996
|
| 300 |
|
|
|a 96 s. :
|b il. ;
|c 21 cm
|
| 500 |
|
|
|a Vyd. jako sborník k semináři "Biologické hodnocení provozů čistíren odpadních vod".
|
| 504 |
|
|
|a Obsahuje bibliografii
|
| 650 |
0 |
7 |
|a chemická analýza
|7 ph114232
|2 czenas
|
| 650 |
0 |
7 |
|a odpadní vody
|7 ph115562
|2 czenas
|
| 650 |
0 |
7 |
|a biologické čištění odpadních vod
|7 ph118906
|2 czenas
|
| 650 |
0 |
7 |
|a aktivované kaly
|7 ph114013
|2 czenas
|
| 650 |
0 |
7 |
|a separační procesy
|7 ph116128
|2 czenas
|
| 655 |
|
7 |
|a sborníky
|7 fd163935
|2 czenas
|
| 655 |
|
7 |
|a studie
|7 fd133597
|2 czenas
|
| 700 |
1 |
|
|a Ottová, Vlasta
|7 jx20050719110
|4 aut
|
| 700 |
1 |
|
|a Růžičková, Iveta
|7 mzk2012722399
|4 aut
|
| 910 |
|
|
|a BOA001
|b 2-1022.047
|b TK-0262.203
|
| 920 |
|
|
|a 000251850
|
| 990 |
|
|
|a BK
|
| 991 |
|
|
|b 202312
|
| 996 |
6 |
|
|b 2610038403
|c 2-1022.047
|l MZK
|r Sklad / do 1 hodiny
|n 19
|p p.v.
|w 000074770
|u 000010
|a 1
|e BOA001
|j MZK50
|s P
|